| 000 | 00601nam a2200205Ii 4500 | ||
|---|---|---|---|
| 001 | 7799 | ||
| 003 | CO-ViMGA | ||
| 008 | 241108s9999||||xx |||||||||||||| ||und|| | ||
| 040 |
_aCO-ViMGA _bspa _erda _cCO-ViMGA |
||
| 041 | 0 | _aspa | |
| 084 | _aN CAB1a | ||
| 100 | 1 |
_aEduardo Caballero Calderon _946244 |
|
| 245 | 1 | 0 |
_aAncha es castilla: _bguía espiritual de España |
| 264 | 1 | _aBogotá, Colombia : Bedout, 1974 | |
| 300 | _avolumen | ||
| 336 |
_atext _btxt _2rdacontent |
||
| 337 |
_aunmediated _bn _2rdamedia |
||
| 338 |
_avolume _bnc _2rdacarrier |
||
| 940 | _aidficha_siabuc: 7624. -- ficha_no_siabuc:7799 | ||
| 999 |
_c40802 _d40802 |
||